<?xml version="1.0" encoding="UTF-8"?>
<record
    xmlns:xsi="http://www.w3.org/2001/XMLSchema-instance"
    xsi:schemaLocation="http://www.loc.gov/MARC21/slim http://www.loc.gov/standards/marcxml/schema/MARC21slim.xsd"
    xmlns="http://www.loc.gov/MARC21/slim">

  <leader>00864nam a22001817a 4500</leader>
  <controlfield tag="005">20250728123414.0</controlfield>
  <datafield tag="010" ind1=" " ind2=" ">
    <subfield code="a">HIN-130044</subfield>
  </datafield>
  <datafield tag="020" ind1=" " ind2=" ">
    <subfield code="a">9788195328024</subfield>
    <subfield code="c">200.00</subfield>
  </datafield>
  <datafield tag="035" ind1=" " ind2=" ">
    <subfield code="a">HN-102390</subfield>
  </datafield>
  <datafield tag="037" ind1=" " ind2=" ">
    <subfield code="b">DBAD</subfield>
  </datafield>
  <datafield tag="100" ind1=" " ind2=" ">
    <subfield code="a">&#x915;&#x930;&#x94D;&#x928;&#x93E;&#x91F;&#x915;, &#x926;&#x93F;&#x928;&#x947;&#x936;</subfield>
    <subfield code="9">83408</subfield>
  </datafield>
  <datafield tag="245" ind1=" " ind2=" ">
    <subfield code="a">&#x936;&#x93F;&#x915;&#x94D;&#x937;&#x93E; &#x92E;&#x947;&#x902; &#x92C;&#x926;&#x932;&#x93E;&#x935; &#x915;&#x940; &#x91A;&#x941;&#x928;&#x94B;&#x924;&#x93F;&#x92F;&#x93E;&#x901;/</subfield>
    <subfield code="c">&#x926;&#x93F;&#x928;&#x947;&#x936; &#x915;&#x930;&#x94D;&#x928;&#x93E;&#x91F;&#x915;</subfield>
  </datafield>
  <datafield tag="250" ind1=" " ind2=" ">
    <subfield code="a">&#x92A;&#x94D;&#x930;&#x925;&#x92E;</subfield>
  </datafield>
  <datafield tag="260" ind1=" " ind2=" ">
    <subfield code="a">&#x926;&#x947;&#x939;&#x930;&#x93E;&#x926;&#x942;&#x928;</subfield>
    <subfield code="b">&#x915;&#x93E;&#x935;&#x94D;&#x92F;&#x93E;&#x902;&#x936; &#x92A;&#x94D;&#x930;&#x915;&#x93E;&#x936;&#x928;</subfield>
    <subfield code="c">&#x905;&#x917;&#x938;&#x94D;&#x924; 2022</subfield>
  </datafield>
  <datafield tag="270" ind1=" " ind2=" ">
    <subfield code="a">&#x935;&#x93E;&#x936;&#x93F;&#x937;&#x94D;&#x920; &#x938;&#x926;&#x928;, 72, &#x930;&#x947;&#x932;&#x935;&#x947; &#x930;&#x94B;&#x921;, &#x90B;&#x937;&#x93F;&#x915;&#x947;&#x936; (&#x926;&#x947;&#x939;&#x930;&#x93E;&#x926;&#x942;&#x928;)</subfield>
    <subfield code="b">&#x926;&#x947;&#x939;&#x930;&#x93E;&#x926;&#x942;&#x928;</subfield>
    <subfield code="e">249201</subfield>
    <subfield code="k">9412054115</subfield>
    <subfield code="k">7300554115</subfield>
  </datafield>
  <datafield tag="300" ind1=" " ind2=" ">
    <subfield code="a">160 &#x92A;&#x943;.</subfield>
    <subfield code="c">21.5 &#x938;&#x947;&#x92E;&#x940; (&#x905;&#x91C;&#x93F;&#x932;&#x94D;&#x926; )</subfield>
  </datafield>
  <datafield tag="942" ind1=" " ind2=" ">
    <subfield code="2">ddc</subfield>
    <subfield code="c">HN</subfield>
    <subfield code="h">370.1</subfield>
    <subfield code="m">&#x915;&#x930;&#x94D;&#x928;&#x93E;&#x91F;</subfield>
  </datafield>
  <datafield tag="999" ind1=" " ind2=" ">
    <subfield code="c">212666</subfield>
    <subfield code="d">212666</subfield>
  </datafield>
  <datafield tag="952" ind1=" " ind2=" ">
    <subfield code="0">0</subfield>
    <subfield code="1">0</subfield>
    <subfield code="4">0</subfield>
    <subfield code="7">0</subfield>
    <subfield code="8">NFIC</subfield>
    <subfield code="a">M</subfield>
    <subfield code="b">M</subfield>
    <subfield code="d">2025-07-28</subfield>
    <subfield code="e">DBAD</subfield>
    <subfield code="g">200.00</subfield>
    <subfield code="l">0</subfield>
    <subfield code="o">370.1 &#x915;&#x930;&#x94D;&#x928;&#x93E;&#x91F;</subfield>
    <subfield code="p">HN-102390</subfield>
    <subfield code="r">2025-07-28 00:00:00</subfield>
    <subfield code="t">1</subfield>
    <subfield code="v">200.00</subfield>
    <subfield code="w">2025-07-28</subfield>
    <subfield code="y">HN</subfield>
  </datafield>
</record>
